00349nam a2200145Ia 45000030006000000080041000060400015000471000018000622450027000802500006001072600051001133000008001645460014001720050017001860STCL150530s9999 xx 000 0 und d aSTCLcSTCL aWarrier, E.I. aBharatiya Tarkasastram a1 bState Instistute of Language; Trivandrumc1974 a132 aMalayalam20220125160235.0